ARRUPE JESUIT UNIVERSITY

CORONAVIRUS -STOP THE SPREAD - CLEAN,DISINFECT,COVER

Principles of human evolution / (Record no. 129821)

MARC details
000 -LEADER
fixed length control field 01066cam a22002774a 4500
001 - CONTROL NUMBER
control field 13104087
003 - CONTROL NUMBER IDENTIFIER
control field ARRUPE
005 - DATE AND TIME OF LATEST TRANSACTION
control field 20190906094400.0
008 - FIXED-LENGTH DATA ELEMENTS--GENERAL INFORMATION
fixed length control field 030225s2004 mauab b 001 0 eng
010 ## - LIBRARY OF CONGRESS CONTROL NUMBER
LC control number 2003004461
020 ## - INTERNATIONAL STANDARD BOOK NUMBER
International Standard Book Number 0632047046 (pbk. : alk. paper)
040 ## - CATALOGING SOURCE
Original cataloging agency DLC
Transcribing agency DLC
Modifying agency DLC
042 ## - AUTHENTICATION CODE
Authentication code pcc
050 00 - LIBRARY OF CONGRESS CALL NUMBER
Classification number GN281
Item number .L489 2004
082 00 - DEWEY DECIMAL CLASSIFICATION NUMBER
Classification number 599.93/8
Edition number 21
300 ## - PHYSICAL DESCRIPTION
Other physical details ill. maps ;
Dimensions 25 cm.
100 1# - MAIN ENTRY--PERSONAL NAME
Personal name Lewin, Roger.
9 (RLIN) 36341
245 10 - TITLE STATEMENT
Title Principles of human evolution /
Statement of responsibility, etc Roger Lewin and Robert Foley.
250 ## - EDITION STATEMENT
Edition statement 2nd ed.
260 ## - PUBLICATION, DISTRIBUTION, ETC. (IMPRINT)
Place of publication, distribution, etc Malden, MA :
Name of publisher, distributor, etc Blackwell Pub. Co.,
Date of publication, distribution, etc 2004.
300 ## - PHYSICAL DESCRIPTION
Extent x, 555 p. :
504 ## - BIBLIOGRAPHY, ETC. NOTE
Bibliography, etc Includes bibliographical references (p. [513]-531) and index.
650 #0 - SUBJECT ADDED ENTRY--TOPICAL TERM
Topical term or geographic name as entry element Human evolution.
9 (RLIN) 48096
700 1# - ADDED ENTRY--PERSONAL NAME
Personal name Foley, Robert.
9 (RLIN) 48097
906 ## - LOCAL DATA ELEMENT F, LDF (RLIN)
a 7
b cbc
c orignew
d 1
e ecip
f 20
g y-gencatlg
942 ## - ADDED ENTRY ELEMENTS (KOHA)
Source of classification or shelving scheme Library of Congress Classification
Koha item type Monograph ( Printed materials)
Holdings
Withdrawn status Lost status Source of classification or shelving scheme Damaged status Not for loan Collection code Home library Current library Shelving location Date acquired Total Checkouts Full call number Barcode Date last seen Date checked out Price effective from Koha item type
    Library of Congress Classification     Main Collection ARRUPE LIBRARY ARRUPE LIBRARY Main Collection 06/09/2019 2 GN281 .L489 2004 46600005439 18/05/2020 13/01/2020 06/09/2019 Monograph ( Printed materials)

 

Arrupe Library. PO Box MP320 Mt Pleasant, Harare, Zimbabwe
263 242 745411|librarian@aju.ac.zw